| 000 | 00318nam a2200133 a 4500 | ||
|---|---|---|---|
| 001 | 4276 | ||
| 003 | CDMR | ||
| 005 | 20130116135254.0 | ||
| 008 | 130130s1936||||||||||||||||||||||||||||d | ||
| 040 |
_aCDMR _bcat _cCDMR |
||
| 245 | 0 | _aCuriositats de Catalunya (Nº 1-26) | |
| 260 |
_aBarcelona _c1936 _bImp. Altés |
||
| 942 | _cMON | ||
| 999 |
_c4276 _d4276 |
||